000 00641nam a22001937a 4500
005 20251108175535.0
008 250721s2017 xx 000 0 ara d
082 1 4 _a923.1563023/كام
100 1 _aكامل، صفوة فاهم
245 1 0 _aعبد الرحمن عارف : الرئيس البار /
264 1 _aبيروت :
_bالرافدين للطباعة والنشر والتوزيع،
_c2017.
300 _a332ص.
650 1 7 _aالتراجم
650 1 7 _aتاريخ العراق
650 1 7 _aالملوك والحكام
650 1 7 _aعهد عبد الرحمن عارف 1968-1966
942 _2ddc
_cBK
999 _c136516
_d136516